| 000 | 00585nam a2200205 a 4500 | ||
|---|---|---|---|
| 005 | 20140310183336.0 | ||
| 008 | 061017s19uu xx 00 eng d | ||
| 020 | _a0415139392 | ||
| 050 |
_aG 155.D44 _b.Op62 1997 |
||
| 100 | _aOpperman, Martin | ||
| 245 |
_aTourism in developing countries / _cMartin Opperman |
||
| 260 |
_aLondon : _bInternational Thomson Business Press, _c1997. |
||
| 300 |
_a177 p. : _bill. ; _c22 cm. |
||
| 521 | _aTOU | ||
| 650 |
_aTourism _xDeveloping countries. |
||
| 700 | _aChon, Kye-Sung | ||
| 942 |
_cBK _2lcc _kFOR |
||
| 999 |
_c21684 _d21684 |
||